000 00595nam a2200217Ia 4500
999 _c41182
_d41182
001 7833
003 GE_BSU
005 20221114124609.0
008 181216s2011en xx |||||||||||||| ||eng||
020 _a9781429216500x
040 _cGE_BSU
041 _aeng
080 _a159.9 H-71
100 _aHockenbury,Don H.
_914831
245 _aDiscovering Psychology /
_cDon H. Hockenbury.
264 _aNew York :
_bWorth Publishers,
_c2011.
300 _a1 v. (Various pagings)
_bIll;
_c29 cm.
653 _aDiscovering Psychology
653 _aფსიქოლოგია
942 _cBK
_2udc